000 00593nam a2200193Ii 4500
003 JO-AjNU
008 230605s9999||||xx |||||||||||||| ||und||
040 _aJO-AjNU
_bara
_erda
_cJO-AjNU
041 _aara
050 1 4 _aHF5547.5.A3677.1981
100 3 _aابو الرب،احمد محمود,
_eauthor
_910134
245 0 0 _aالسكرتارية وادارة المكاتب
264 3 1 _aعمان:المؤلف؛1981
300 _a256ص
336 _atext
_btxt
_2rdacontent
337 _aunmediated
_bn
_2rdamedia
338 _avolume
_bnc
_2rdacarrier
650 4 _aالسكرتارية
_910135
999 _aA1653
_c5221
_d5221